| 000 | 00673cam a2200205 a 4500 | ||
|---|---|---|---|
| 001 | 000006326 | ||
| 005 | 20200929153922.0 | ||
| 008 | 760130s1975 fr 000 1 fre | ||
| 040 |
_aDO-SdBNP _cDLC _dDLC |
||
| 082 |
_a843.914 _bV599L |
||
| 100 | 1 |
_aVialar, Paul, _d1898-1996. _917639 |
|
| 245 | 1 | 4 |
_aLes Zingari, ceux du cirque : _broman / _cPaul Vialar. |
| 260 |
_aParis : _bFrance Loisirs : _bDes Duca-Plon, _c1975. |
||
| 300 |
_a311 p. ; _c21 cm. |
||
| 490 | 1 | _aSu crónica del siglo XX francés. | |
| 650 | 4 |
_aNovela francesa _91075 |
|
| 650 | 4 |
_aLiteratura francesa _91074 |
|
| 830 | 0 |
_aSu crónica del siglo XX francés. _917640 |
|
| 910 | _aCatalogación por copia / LC | ||
| 999 |
_c6121 _d6121 |
||